| 000 | 00385nam a22001457a 4500 | ||
|---|---|---|---|
| 999 |
_c9212 _d9212 |
||
| 003 | OSt | ||
| 008 | 201119b ||||| |||| 00| 0 eng d | ||
| 020 | _a9780198814740 | ||
| 100 | _aAtkins, Peter and Paula, Julio de and Keeler, James | ||
| 245 | _aPhysical Chemistry | ||
| 260 |
_aNew Delhi _b Oxford University Press |
||
| 300 | _a858 | ||
| 650 | _aB.Sc Non Medical | ||
| 942 |
_2ddc _cBK |
||